| 000 | 00503nam a22001817a 4500 | ||
|---|---|---|---|
| 999 |
_c190849 _d190849 |
||
| 005 | 20220805172616.0 | ||
| 010 | _aENG-134329 | ||
| 020 |
_a9789391984113 _c650.00 |
||
| 035 | _aEN-117861 | ||
| 037 | _bDBAD/PUB | ||
| 082 | _a881 | ||
| 100 | _aShastry, R.M. Prabhulinga | ||
| 245 |
_aPoems/ _cR.M. Prabhulinga Shastry |
||
| 260 |
_aBareilly _bPrakash Book Depot _c2021 |
||
| 270 |
_aBara Bazar _bBareilly _e243003 |
||
| 300 |
_axiii, 232p. _c22cm(pbk) |
||
| 942 |
_2ddc _cEN _h881 _mSHA |
||